Un paradis se meurt: Preface de Pierre Albarran, épilogue de Étienne Micard de Fleurigny

Furkejuvvon:
Bibliográfalaš dieđut
Váldodahkki: Gerbault, Alain (Dahkki)
Materiálatiipa: Girji
Giella:fránskkagiella
Almmustuhtton: París Self 1949
Preanttus:1a. ed
Fáttát:
Fáddágilkorat: Lasit fáddágilkoriid
Eai fáddágilkorat, Lasit vuosttaš fáddágilkora!

MARC

LEADER 00000nam a2200000 a 4500
001 UCJ4385
003 CL-VaPUC
008 070124e19490503FR |||||||||||||||||fre|d
082 0 4 |a 910.4  |b GER  |2 21 
100 |a Gerbault, Alain  |e author  |9 507964 
245 1 3 |a Un paradis se meurt: Preface de Pierre Albarran, épilogue de Étienne Micard de Fleurigny 
250 |a 1a. ed 
300 |a 278 p 
942 |c BK 
945 |d 20070124 00:00:00  |a rinostro 
260 |a París  |b Self  |c 1949 
500 |a Front., mapa de la Polinesia 
500 |a Valiente, para la época en que fue hecha, y dura denuncia de los métodos del colonialismo francés en la Polinesia, Argelia y otros lugares 
600 0 7 |a ALBARRAN, PIERRE  |2 CL-VaPUC  |9 507965 
650 0 |a Viajes  |9 257115 
650 7 |a COLONIZACION FRANCESA  |2 CL-VaPUC  |9 505837 
650 7 |a CONTAMINACION CULTURAL  |2 CL-VaPUC  |9 507966 
650 0 |a Iconografía   |9 267998 
650 0 |a Ilustraciones  |9 369481 
650 0 |a Mapas  |9 260844 
651 7 |a POLINESIA  |2 CL-VaPUC  |9 507967 
651 7 |a ISLAS MARQUESAS  |2 CL-VaPUC  |9 507618 
651 7 |a TAHITI  |2 CL-VaPUC  |9 266824 
651 7 |a ISLAS DE LA SOCIEDAD  |2 CL-VaPUC  |9 507968 
583 |a last modification  |c 20070124 00:00:00  |k Rodrigo Vera 
999 |c 320501  |d 320499 
952 |0 0  |1 0  |4 0  |6 910_400000000000000_GER_1949  |7 0  |8 X  |9 399036  |a FDOBUD  |b FDOBUD  |d 2019-11-22  |i 1017675  |o 910.4 GER 1949  |p 1017675  |r 2019-11-22  |w 2019-11-22  |y BK_X  |k BUD